Govt. of
Madhya Pradesh

Normal view MARC view

Entry Topical Term

Number of records used in: 1

001 - CONTROL NUMBER

  • control field: 49296

003 - CONTROL NUMBER IDENTIFIER

  • control field: OSt

005 - DATE AND TIME OF LATEST TRANSACTION

  • control field: 20160331135630.0

008 - FIXED-LENGTH DATA ELEMENTS

  • fixed length control field: 160331|| aca||aabn | a|a d

040 ## - CATALOGING SOURCE

  • Original cataloging agency: OSt
  • Transcribing agency: OSt

150 ## - HEADING--TOPICAL TERM

  • Topical term or geographic name entry element: Economics

670 ## - SOURCE DATA FOUND

  • Source citation: Work cat.: (OSt)11541: डॉ प्रवीण चन्‍द्र त्रिवेदी 49295, पर्यावरण व जैव प्रौघोगिकी, 2007